Pokemon avec le plus de statistique (sans spéciaux) - Statistiques

Statistiques générales
  • Ce quiz a été pris 13 fois
  • Le résultat moyen est 11 sur 15
Statistiques - réponses
Type 1 Type 2 Base stat Réponse % Correct
0149 Dragon Vol 600 Dracolosse
100%
0445 Dragon Sol 600 Carchacrok
83%
0373 Dragon Vol 600 Drattak
83%
0376 Acier Psy 600 Métalosse
83%
0289 Normal 670 Monaflèmit
83%
0784 Dragon Combat 600 Ékaiser
75%
0887 Dragon Spectre 600 Lanssorien
75%
0706 Dragon 600 Muplodocus
75%
0635 Ténèbres Dragon 600 Trioxhydre
75%
0248 Roche Ténèbres 600 Tyranocif
75%
0567 Roche Vol 567 Aéroptéryx
67%
0998 Dragon Glace 600 Glaivodo
67%
1018 Acier Dragon 600 Pondralugon
67%
0964 Eau 660 Superdofin
67%
0706 Dragon Acier 600 Muplodocus de hisui
50%
Aucun quiz correspondant
Distribution des résultats
% des personnes avec chaque résultat
Percentile par nombre de réponses
Votre historique - résultats
Vous n’avez pas pris ce quiz